Contabilidad económica (Registro nro. 1809)

Detalles MARC
000 -LEADER
fixed length control field 02214 a2200241 4500
001 - CONTROL NUMBER
control field 29166
005 - DATE AND TIME OF LATEST TRANSACTION
control field 20260407155600.0
008 - FIXED-LENGTH DATA ELEMENTS--GENERAL INFORMATION
fixed length control field 260407a1965 arg spa d
003 - CONTROL NUMBER IDENTIFIER
control field AR-UNSa-BCEJYS
040 ## - CATALOGING SOURCE
Original cataloging agency AR-UNSa-BCEJYS
Language of cataloging spa
Transcribing agency AR-UNSa-BCEJYS
080 ## - UNIVERSAL DECIMAL CLASSIFICATION NUMBER
Universal Decimal Classification number 657
Common auxiliary subdivision Contabilidad
100 1# - MAIN ENTRY--PERSONAL NAME
Personal name Powelson, John P.
245 10 - TITLE STATEMENT
Title Contabilidad económica
250 ## - EDITION STATEMENT
Edition statement 2a. ed
264 #1 - PRODUCTION, PUBLICATION, DISTRIBUTION, MANUFACTURE, AND COPYRIGHT NOTICE
Place of production, publication, distribution, manufacture México :
Name of producer, publisher, distributor, manufacturer Fondo de Cultura Económica
Date of production, publication, distribution, manufacture, or copyright notice 1965
300 ## - PHYSICAL DESCRIPTION
Extent 538 p.
Dimensions 23 cm.
505 ## - FORMATTED CONTENTS NOTE
Formatted contents note Parte I: Cuentas de la empresa individual: 1. La contabilidad y el análisis ecónomico - 2. Cuentas familiares - 3. Ahorro e inversión - 4. Contabilidad de la empresa individual: I. Transacciones - 5. Contabilidad de la empresa individual: II. Los estados fundamentales - 6. Contabilidad de la empresa individual: III. El estado de origen y aplicación de fondos - 7. Contabilidad de las sociedades anónimas: I. Transacciones - 8. Contabilidad de las sociedades anónimas: II. Asientos - 9. Contabilidad de las sociedades anónimas: III. Ingreso y producto - 10. Contabilidad de las sociedades anónimas: IV. El balance y el estado de inversión - 11. Contabilidad de las sociedades anónimas: V. El estado de origen y aplicación de fondos - 12. Contabilización del costo unitario - 13. Estados contables del sistema monetario -- Parte II: 14. Los estados consolidados: I. Cuentas de la empresa - 15. Los estados consolidados: II. Cuentas sociales - 16. Contabilidad del sector - 17. Contabilidad del producto nacional: I. Transacciones - 18. Contabilidad del producto nacional: II. Transacciones (continuación) - 19. Contabilidad del producto nacional: III. Las cuentas del sector - 20. La cuenta del ingreso y el producto nacional - 21. Contabilidad de la balanza de pagos: I. La ecuación - 22. Contabilidad de la balanza de pagos: II. Transacciones y presentación - 23. Contabilidad de la balanza de pagos: III. Otras consideraciones - 24. Cuadros de insumo-producto - 25. Cuentas de las corrientes de fondos - 26. Afinidad entre los principios contables
590 ## - LOCAL NOTE (RLIN)
Local note niveau_biblio:m niveau_hierar:0
700 1# - ADDED ENTRY--PERSONAL NAME
Personal name Ramón, Herminia
700 1# - ADDED ENTRY--PERSONAL NAME
Personal name Pimentel, Rubén C.
700 1# - ADDED ENTRY--PERSONAL NAME
Personal name Sobrino, José Manuel
942 ## - ADDED ENTRY ELEMENTS (KOHA)
Koha item type
Existencias
Withdrawn status Lost status Damaged status Not for loan Home library Current library Shelving location Date acquired Total checkouts Full call number Barcode Date last seen Price effective from Koha item type
        Biblioteca Prof. Eusebio Cleto del Rey Biblioteca Prof. Eusebio Cleto del Rey   07/04/2026   657 P881 2ed. L24327 07/04/2026 07/04/2026 Libro
        Biblioteca Prof. Eusebio Cleto del Rey Biblioteca Prof. Eusebio Cleto del Rey   07/04/2026   657 P881 2ed. L24328 07/04/2026 07/04/2026 Libro